Lego Dimensions Bosses - Statistics

General Stats
  • This quiz has been taken 64 times
    61 since last reset
  • The average score is 24 of 63
Answer Stats
Hint Answer % Correct
Meltdown at Sector 7-G The Joker
98%
The Final Showdown Lord Voldemort
85%
Riddle-earth The Riddler
80%
Follow the LEGO Brick Road Wicked Witch of the West
80%
GLaD to See You GLaDOS
75%
Aperture Science GLaDOS
75%
Meltdown at Sector 7-G Lord Business
75%
Painting the Town Black Sauron
75%
Once Upon A Time Machine in the West Lord Vortech
73%
Prime Time Lord Vortech
73%
The Final Dimension Lord Vortech
73%
Elements of Surprise Master Chen
68%
Elements of Surprise Lex Luthor
65%
The End is Tri The Tri
65%
Sonic Dimensions Doctor Eggman
60%
Mystery Mansion Mash-Up The Mummy
60%
Ghostbusters! Stay Puft
58%
Painting the Town Black Two-Face
58%
The Energy Plant Two-Face
58%
The Final Dimension Bane
55%
Ghostbusters! Slimer
55%
Riddle-earth Brainiac
53%
The Phantom Zone General Zod
53%
Elements of Surprise Saruman
53%
A Dalektable Adventure CyberKing
50%
Elements of Surprise Griffin Turner
50%
All Your Bricks Are Belong To Us Thief
45%
The Dalek Extermination of Earth Davros
43%
Riddle-earth Digital Overlord
43%
Elements of Surprise Karlof
43%
Elements of Surprise Gravis
40%
Sonic Dimensions Metal Sonic
38%
A Dalektable Adventure Dalek Emperor
35%
Ghostbusters! Gozer
35%
A Book and a Bad Guy The Lich
35%
Sonic Dimensions Chaos
30%
The Energy Plant Clayface
23%
Attack of the Uber Villains King Kong
23%
A Book and a Bad Guy Evil Guy
20%
Sonic Dimensions Mecha Sonic
20%
The Energy Plant Poison Ivy
20%
Sonic Dimensions Doctor Eggman Mech
18%
Sonic Dimensions Robo Sonic
18%
Breaking the Barrier Eggman Parade Balloon
15%
Breaking the Barrier Ice King Parade Balloon
15%
A Book and a Bad Guy Giant Ogre
13%
Mission: Impossible Jim Phelps
13%
Breaking the Barrier Stay Puft Parade Balloon
13%
Ghostbusting! Mayhem
10%
The Battle for Times Square Mayhem
10%
Ghostbusting! Sparky
10%
The Battle for Times Square Sparky
10%
The Goonies Francis Fratelli
8%
Paranormal Beginnings Gertrude Aldridge
8%
The Battle for Times Square Gertrude Aldridge
8%
The Goonies Jake Fratelli
8%
The Mercado Building Rowan North
8%
The Final Showdown Rowan the Destroyer
8%
The Final Showdown The Kraken
8%
Obscurus For-Sure-Us Credence Barebone
5%
Demiguise Double-Cross Gnarlack
3%
A Trial With Style Percival Graves
3%
Obscurus For-Sure-Us Percival Graves
3%
No matching quizzes found
Score Distribution
Percent of People with Each Score
Percentile by Number Answered
Your Score History
You have not taken this quiz since the last reset